| 000 | 00511nam a2200193Ia 4500 | ||
|---|---|---|---|
| 008 | 210210b1989 xxu||||| |||| 00| 0 eng d | ||
| 082 | _a537.622 ALFS | ||
| 100 | _aALFEROV (Zh I) | ||
| 245 | _aSemiconductor heterostructures: physical processes and applications | ||
| 260 |
_aMoscow _bMir Publishers _c1989 |
||
| 300 | _a283 | ||
| 650 | _aSemiconductor | ||
| 650 | _aprocesses | ||
| 650 | _aphysical | ||
| 650 | _aheterostructures: | ||
| 650 | _aapplications | ||
| 690 | _aElectricity | ||
| 906 | _a044987 | ||
| 999 |
_c94219 _d94219 |
||